[Event "Paulista-ch final"]
[Site "Santos"]
[Date "2008.06.28"]
[Round "4"]
[White "Fier, Alexandr"]
[Black "Barbosa, Evandro Amorim"]
[Result "1-0"]
[WhiteElo "2527"]
[BlackElo "2165"]
[PlyCount "109"]
[EventDate "2008.06.26"]
[EventType "swiss"]
[EventRounds "7"]
[EventCountry "BRA"]
[SourceTitle "CBM 125 Extra"]
[Source "ChessBase"]
[SourceDate "2008.09.01"]
[SourceVersion "1"]
[SourceVersionDate "2008.09.01"]
[SourceQuality "1"]

1. e4 c5 2. Nf3 Nc6 3. d4 cxd4 4. Nxd4 Nf6 5. Nc3 e5 6. Ndb5 d6 7. Bg5 a6 8.
Na3 b5 9. Bxf6 gxf6 10. Nd5 Bg7 11. Bd3 Ne7 12. Nxe7 Qxe7 13. O-O O-O 14. c4 f5
15. Qf3 Qb7 16. exf5 Qxf3 17. gxf3 e4 18. Bxe4 d5 19. Bxd5 Bxf5 20. Bxa8 Rxa8
21. Rae1 Bd3 22. b3 Bf8 23. c5 Bxc5 24. Nc2 Bxf1 25. Kxf1 Rd8 26. Ne3 Kf8 27.
Ke2 Bb4 28. Rd1 Rxd1 29. Kxd1 Kg7 30. Ke2 Kg6 31. Kd3 Kg5 32. Ke4 Kh4 33. f4
Kh3 34. Nd5 Bf8 35. Nf6 h6 36. Nd7 Bg7 37. Ne5 Kxh2 38. Nxf7 Kg2 39. Kf5 Kxf2
40. Kg6 Bf8 41. f5 Ke3 42. f6 Kd4 43. Nxh6 a5 44. Nf5+ Kc3 45. Ne7 Kb2 46. Kf7
Bh6 47. Ke8 Kxa2 48. Nf5 Bd2 49. f7 Bb4 50. Ne7 Kxb3 51. f8=Q Bxe7 52. Kxe7 a4
53. Kd6 a3 54. Kc5 Kb2 55. Kb4 1-0

[Event "Paulista-ch final"]
[Site "Santos"]
[Date "2008.06.29"]
[Round "6"]
[White "Barbosa, Evandro Amorim"]
[Black "Rodrigo da Silva, Edson"]
[Result "1-0"]
[WhiteElo "2165"]
[BlackElo "2021"]
[PlyCount "55"]
[EventDate "2008.06.26"]
[EventType "swiss"]
[EventRounds "7"]
[EventCountry "BRA"]
[SourceTitle "CBM 125 Extra"]
[Source "ChessBase"]
[SourceDate "2008.09.01"]
[SourceVersion "1"]
[SourceVersionDate "2008.09.01"]
[SourceQuality "1"]

1. e4 e5 2. Nf3 Nc6 3. Bb5 a6 4. Ba4 Nf6 5. O-O Be7 6. Re1 b5 7. Bb3 O-O 8. h3
d5 9. exd5 Nxd5 10. Nxe5 Nxe5 11. Rxe5 Nb6 12. d3 c5 13. c3 Bd6 14. Re1 Bf5 15.
Bc2 Bc7 16. Qf3 Qd7 17. Nd2 Rfe8 18. Ne4 Bg6 19. Bf4 Bxf4 20. Qxf4 Qc6 21. Re2
f5 22. Ng3 Rxe2 23. Nxe2 Re8 24. Ng3 Nd5 25. Qf3 c4 26. Ne2 Rf8 27. a4 Nb4 28.
axb5 1-0

[Event "Paulista-ch final"]
[Site "Santos"]
[Date "2008.06.28"]
[Round "7"]
[White "Gonzalez Bolivar, Ribeiro"]
[Black "Barbosa, Evandro Amorim"]
[Result "0-1"]
[WhiteElo "2252"]
[BlackElo "2165"]
[PlyCount "68"]
[EventDate "2008.06.26"]
[EventType "swiss"]
[EventRounds "7"]
[EventCountry "BRA"]
[SourceTitle "CBM 125 Extra"]
[Source "ChessBase"]
[SourceDate "2008.09.01"]
[SourceVersion "1"]
[SourceVersionDate "2008.09.01"]
[SourceQuality "1"]

1. e4 c5 2. Nf3 Nc6 3. d4 cxd4 4. Nxd4 Nf6 5. Nc3 e5 6. Ndb5 d6 7. Bg5 a6 8.
Na3 b5 9. Bxf6 gxf6 10. Nd5 Bg7 11. c3 f5 12. exf5 Bxf5 13. Qf3 Be6 14. Bd3 O-O
15. g4 b4 16. Nc2 bxc3 17. bxc3 Bxd5 18. Qxd5 Ne7 19. Qe4 f5 20. gxf5 d5 21.
Qg4 e4 22. Rg1 Nxf5 23. Ne3 Kh8 24. Rc1 Qd7 25. Be2 Rac8 26. c4 d4 27. Nxf5
Rxf5 28. Qxe4 Re5 29. Qd3 Rce8 30. Rc2 Qb7 31. Qd1 d3 32. Qxd3 Qb1+ 33. Qd1
Rxe2+ 34. Rxe2 Bc3+ 0-1

[Event "BRA-ch sf"]
[Site "Dois Irmaos"]
[Date "2008.11.01"]
[Round "5"]
[White "Barbosa, Evandro Amorim"]
[Black "Lucena, Lincoln"]
[Result "1-0"]
[WhiteElo "2182"]
[BlackElo "2239"]
[PlyCount "105"]
[EventDate "2008.10.30"]
[EventType "swiss"]
[EventRounds "7"]
[EventCountry "BRA"]
[SourceTitle "EXT 2009"]
[Source "ChessBase"]
[SourceDate "2008.11.26"]
[SourceVersion "1"]
[SourceVersionDate "2008.11.26"]
[SourceQuality "1"]

1. e4 d6 2. d4 g6 3. Nc3 c6 4. a4 Bg7 5. g3 Qb6 6. Nge2 e6 7. Bg2 Ne7 8. O-O
O-O 9. Bg5 f6 10. Bf4 Qd8 11. Qd2 Na6 12. Rfe1 Nc7 13. Rad1 g5 14. Be3 Ng6 15.
h3 Qe8 16. f4 h6 17. b3 Kh7 18. Rf1 Bd7 19. Rf2 Qe7 20. Rdf1 Rae8 21. Nd1 b6
22. Kh2 Rd8 23. c3 Bc8 24. Qc2 Qe8 25. Bf3 Ne7 26. e5+ Kg8 27. exf6 Bxf6 28.
fxg5 Bxg5 29. h4 Bxe3 30. Nxe3 Qg6 31. Be4 Qg7 32. Nf4 Ncd5 33. Nexd5 Nxd5 34.
Bxd5 exd5 35. Nh5 Qg4 36. Nf6+ Rxf6 37. Rxf6 Qh3+ 38. Kg1 Qxg3+ 39. Qg2 Qxg2+
40. Kxg2 Ba6 41. R1f3 Kg7 42. h5 Rd7 43. Rg6+ Kh7 44. Rff6 Bd3 45. Rxh6+ Kg7
46. Rxd6 Be4+ 47. Kg3 Rf7 48. Rxc6 Rf1 49. Rhd6 Rg1+ 50. Kf2 Rg2+ 51. Kf1 Kf8
52. Rc7 Ke8 53. Re6+ 1-0

[Event "BRA-ch sf"]
[Site "Dois Irmaos"]
[Date "2008.11.01"]
[Round "6"]
[White "Chemin, Vitorio"]
[Black "Barbosa, Evandro Amorim"]
[Result "1/2-1/2"]
[WhiteElo "2253"]
[BlackElo "2182"]
[PlyCount "88"]
[EventDate "2008.10.30"]
[EventType "swiss"]
[EventRounds "7"]
[EventCountry "BRA"]
[SourceTitle "EXT 2009"]
[Source "ChessBase"]
[SourceDate "2008.11.26"]
[SourceVersion "1"]
[SourceVersionDate "2008.11.26"]
[SourceQuality "1"]

1. d4 Nf6 2. Nf3 g6 3. Bf4 Bg7 4. Nc3 d5 5. e3 O-O 6. Be2 c6 7. O-O Bf5 8. h3
h6 9. Bd3 Qc8 10. Ne5 g5 11. Bh2 Ne4 12. Nxe4 dxe4 13. Be2 Nd7 14. Nc4 Nf6 15.
Be5 Nd5 16. Bxg7 Kxg7 17. Nd2 Bg6 18. c4 Nf6 19. f3 Qc7 20. Nxe4 Nxe4 21. fxe4
Bxe4 22. Bf3 Bg6 23. e4 e5 24. d5 Qb6+ 25. Kh2 Qxb2 26. Rb1 Qxa2 27. Rxb7 Qxc4
28. Qa1 cxd5 29. exd5 Kg8 30. d6 Qf4+ 31. Kh1 Rad8 32. Bg4 Qe4 33. Bf3 Qc4 34.
Rc7 Qe6 35. Re7 Qxd6 36. Rxe5 Qd4 37. Ra5 Bd3 38. Qxd4 Rxd4 39. Rd1 Rd7 40. Bc6
Rdd8 41. Rxa7 Bg6 42. Rf1 Rd6 43. Bf3 Kg7 44. Kh2 Rf6 1/2-1/2

[Event "BRA-ch sf"]
[Site "Dois Irmaos"]
[Date "2008.11.02"]
[Round "7"]
[White "Barbosa, Evandro Amorim"]
[Black "Macedo, Maximo Iack Miranda"]
[Result "1-0"]
[WhiteElo "2182"]
[BlackElo "2264"]
[PlyCount "134"]
[EventDate "2008.10.30"]
[EventType "swiss"]
[EventRounds "7"]
[EventCountry "BRA"]
[SourceTitle "EXT 2009"]
[Source "ChessBase"]
[SourceDate "2008.11.26"]
[SourceVersion "1"]
[SourceVersionDate "2008.11.26"]
[SourceQuality "1"]

1. e4 c5 2. Nf3 Nc6 3. d4 cxd4 4. Nxd4 Nf6 5. Nc3 e6 6. Ndb5 Bb4 7. a3 Bxc3+ 8.
Nxc3 d5 9. exd5 exd5 10. Bd3 d4 11. Qe2+ Be6 12. Ne4 Nxe4 13. Qxe4 Qd5 14. O-O
Qxe4 15. Bxe4 O-O 16. b4 Bc4 17. Rd1 Rae8 18. Bxc6 bxc6 19. Bb2 Re2 20. Bxd4
Rxc2 21. Bxa7 Ra8 22. Bc5 Ra2 23. Rxa2 Bxa2 24. Rd6 h5 25. Rxc6 Rxa3 26. h3 Rb3
27. Rb6 Kh7 28. Kh2 Bb1 29. Rb7 Kg6 30. b5 Be4 31. Rb8 Kf5 32. b6 g5 33. Rf8
Bd5 34. Be3 h4 35. Re8 Be6 36. Ra8 Rb5 37. Ra7 Bd5 38. Rc7 f6 39. Rc8 Ke6 40.
Rf8 Ke7 41. Rh8 Kf7 42. Rh7+ Ke6 43. Bd4 Rb4 44. Bc5 Rb5 45. Re7+ Kf5 46. Be3
Rb2 47. Re8 Rb4 48. Rd8 Ke6 49. Rh8 Rb5 50. Rh6 Ke5 51. Rh7 Ke6 52. Rg7 Kf5 53.
Rc7 Ke6 54. Rc1 Kf5 55. Kg1 Ke6 56. Bd4 Kf5 57. Re1 Rb4 58. Be3 Rb5 59. Rc1 Ke6
60. Rc7 Kf5 61. Rc5 Rxc5 62. Bxc5 Kg6 63. Be7 Bb7 64. f3 Bc6 65. Kf2 Ba8 66.
Ke3 f5 67. Kd4 Kh5 1-0

[Event "Mineiro-ch"]
[Site "Varginha"]
[Date "2009.01.23"]
[Round "1"]
[White "Barbosa, Evandro Amorim"]
[Black "Bueno Filho, Julio Silvio de S"]
[Result "1-0"]
[WhiteElo "2279"]
[BlackElo "2106"]
[PlyCount "73"]
[EventDate "2009.01.23"]
[EventType "tourn"]
[EventRounds "11"]
[EventCountry "BRA"]
[SourceTitle "EXT 2012"]
[Source "ChessBase"]
[SourceDate "2011.11.24"]
[SourceVersion "1"]
[SourceVersionDate "2011.11.24"]
[SourceQuality "1"]

1. e4 e5 2. Nf3 Nc6 3. Bb5 a6 4. Ba4 Nf6 5. O-O Be7 6. Re1 b5 7. Bb3 O-O 8. h3
d6 9. c3 Bb7 10. d4 Re8 11. Nbd2 Bf8 12. d5 Na5 13. Bc2 c6 14. b4 Nc4 15. Nxc4
bxc4 16. dxc6 Bxc6 17. Bg5 h6 18. Bxf6 Qxf6 19. Ba4 Bxa4 20. Qxa4 Qe6 21. Rad1
f5 22. Qa5 fxe4 23. Rxe4 Rec8 24. a4 Be7 25. Nh2 Rd8 26. Ng4 Bg5 27. Qb6 Kf7
28. Qc7+ Be7 29. Ne3 Rac8 30. Qa5 Rd7 31. Qxa6 Rdd8 32. Qb5 Rb8 33. Qxc4 d5 34.
Rxd5 Rbc8 35. Qd3 Rxd5 36. Nxd5 Rd8 37. c4 1-0

[Event "Mineiro-ch"]
[Site "Varginha"]
[Date "2009.01.24"]
[Round "2"]
[White "Barbosa, Evandro Amorim"]
[Black "Ramos, Bruce Vicente"]
[Result "1-0"]
[WhiteElo "2279"]
[BlackElo "1951"]
[PlyCount "77"]
[EventDate "2009.01.23"]
[EventType "tourn"]
[EventRounds "11"]
[EventCountry "BRA"]
[SourceTitle "EXT 2012"]
[Source "ChessBase"]
[SourceDate "2011.11.24"]
[SourceVersion "1"]
[SourceVersionDate "2011.11.24"]
[SourceQuality "1"]

1. e4 e6 2. d4 b6 3. Nf3 Bb7 4. Bd3 c5 5. c3 cxd4 6. cxd4 Nf6 7. Nc3 Bb4 8. Qe2
d5 9. e5 Ne4 10. Bd2 Bxc3 11. bxc3 Nxd2 12. Nxd2 Qc8 13. Rc1 Ba6 14. c4 b5 15.
c5 b4 16. O-O Bxd3 17. Qxd3 Nc6 18. Nf3 a5 19. Qe3 O-O 20. Ng5 h6 21. Nh3 a4
22. Nf4 Qd8 23. Nd3 Qh4 24. f4 Rfb8 25. g3 Qe7 26. Rf2 b3 27. a3 Na5 28. Nb2
Qd7 29. Qc3 Qb5 30. g4 Rd8 31. f5 Rab8 32. f6 Nc4 33. fxg7 Kxg7 34. Qf3 f5 35.
gxf5 Rg8 36. Kh1 Nxa3 37. Qh5 Kh7 38. fxe6 Rbf8 39. Rf7+ 1-0

[Event "Mineiro-ch"]
[Site "Varginha"]
[Date "2009.01.24"]
[Round "3"]
[White "Lapertosa Viana, Julio"]
[Black "Barbosa, Evandro Amorim"]
[Result "0-1"]
[WhiteElo "2142"]
[BlackElo "2279"]
[PlyCount "60"]
[EventDate "2009.01.23"]
[EventType "tourn"]
[EventRounds "11"]
[EventCountry "BRA"]
[SourceTitle "EXT 2012"]
[Source "ChessBase"]
[SourceDate "2011.11.24"]
[SourceVersion "1"]
[SourceVersionDate "2011.11.24"]
[SourceQuality "1"]

1. Nf3 Nf6 2. d4 c5 3. c3 b6 4. Bf4 Bb7 5. e3 g6 6. Be2 d6 7. h3 Bg7 8. Nbd2
O-O 9. O-O Nbd7 10. Bh2 Rc8 11. Rc1 Rc7 12. Qa4 Qc8 13. Rfe1 a6 14. Qa3 Qa8 15.
b4 Rfc8 16. bxc5 bxc5 17. Nb3 cxd4 18. cxd4 Ne4 19. Rxc7 Rxc7 20. Rc1 Nc3 21.
Bf1 Qc8 22. Nfd2 Nf6 23. Bd3 Bh6 24. Re1 Ncd5 25. Ne4 Nxe4 26. Bxe4 Nc3 27. Bd3
Nd5 28. Rc1 Rxc1+ 29. Nxc1 Nxe3 30. Bxa6 Qc2 0-1

[Event "Mineiro-ch"]
[Site "Varginha"]
[Date "2009.01.25"]
[Round "4"]
[White "Barbosa, Evandro Amorim"]
[Black "De Oliveira, Sergio Eduardo"]
[Result "0-1"]
[WhiteElo "2279"]
[BlackElo "2293"]
[PlyCount "106"]
[EventDate "2009.01.23"]
[EventType "tourn"]
[EventRounds "11"]
[EventCountry "BRA"]
[SourceTitle "EXT 2012"]
[Source "ChessBase"]
[SourceDate "2011.11.24"]
[SourceVersion "1"]
[SourceVersionDate "2011.11.24"]
[SourceQuality "1"]

1. e4 Nc6 2. Nf3 d6 3. d4 Bg4 4. Bb5 a6 5. Bxc6+ bxc6 6. h3 Bh5 7. O-O Nf6 8.
Nc3 e6 9. Qe2 Be7 10. e5 Nd7 11. Re1 O-O 12. b3 d5 13. Na4 c5 14. dxc5 Nxc5 15.
Nxc5 Bxc5 16. Bb2 Qe7 17. Qd3 Bxf3 18. Qxf3 Bb6 19. Rad1 Rac8 20. Rd3 c5 21. c4
d4 22. Qg4 f5 23. exf6 Rxf6 24. Bc1 Rg6 25. Qe4 Bc7 26. g3 Rf8 27. Rf3 Rxf3 28.
Qxf3 h6 29. Kg2 Qd6 30. Re4 e5 31. Qd3 Qc6 32. Bd2 Rf6 33. f3 Qd7 34. Re1 Qf5
35. Qxf5 Rxf5 36. a3 a5 37. Kf2 Rf8 38. g4 Rb8 39. Rb1 Kf7 40. Ke2 Ke6 41. Kd3
Bd8 42. Ke4 Rb7 43. b4 axb4 44. axb4 Ba5 45. Ra1 Bxb4 46. Bxb4 cxb4 47. Ra6+
Kf7 48. c5 b3 49. Ra1 b2 50. Rb1 Ke6 51. f4 exf4 52. c6 Rb4 53. c7 Kd7 0-1

[Event "Mineiro-ch"]
[Site "Varginha"]
[Date "2009.01.26"]
[Round "6"]
[White "Barbosa, Evandro Amorim"]
[Black "Machado, Gilmar Dias"]
[Result "1-0"]
[WhiteElo "2279"]
[BlackElo "1960"]
[PlyCount "53"]
[EventDate "2009.01.23"]
[EventType "tourn"]
[EventRounds "11"]
[EventCountry "BRA"]
[SourceTitle "EXT 2012"]
[Source "ChessBase"]
[SourceDate "2011.11.24"]
[SourceVersion "1"]
[SourceVersionDate "2011.11.24"]
[SourceQuality "1"]

1. e4 e5 2. Nf3 Nc6 3. Bb5 a6 4. Ba4 Nf6 5. O-O Be7 6. Re1 b5 7. Bb3 O-O 8. h3
Bb7 9. d3 d5 10. exd5 Nxd5 11. Nxe5 Nd4 12. Nf3 Nxb3 13. axb3 Bf6 14. Nbd2 g6
15. Ne4 Bg7 16. Nc5 Bc8 17. d4 Qd6 18. Bg5 h6 19. Bh4 b4 20. Bg3 Qb6 21. Ne5
Nf6 22. Qf3 Bf5 23. Nc4 Qb5 24. Bxc7 Ne4 25. Nxe4 Qc6 26. Be5 Rfe8 27. Nf6+ 1-0

[Event "Mineiro-ch"]
[Site "Varginha"]
[Date "2009.01.27"]
[Round "7"]
[White "Molina, Roberto Junio Brito"]
[Black "Barbosa, Evandro Amorim"]
[Result "1-0"]
[WhiteElo "2371"]
[BlackElo "2279"]
[PlyCount "87"]
[EventDate "2009.01.23"]
[EventType "tourn"]
[EventRounds "11"]
[EventCountry "BRA"]
[SourceTitle "EXT 2012"]
[Source "ChessBase"]
[SourceDate "2011.11.24"]
[SourceVersion "1"]
[SourceVersionDate "2011.11.24"]
[SourceQuality "1"]

1. d4 Nf6 2. c4 g6 3. Nc3 Bg7 4. Nf3 O-O 5. g3 c5 6. d5 d6 7. Bg2 e6 8. O-O
exd5 9. cxd5 a6 10. a4 Nbd7 11. e4 Re8 12. Qc2 Rb8 13. Bf4 Qc7 14. a5 Ng4 15.
Na4 Nge5 16. Nxe5 Nxe5 17. Nb6 Bd7 18. Rac1 Bb5 19. Rfd1 Qe7 20. h3 Qf6 21. b4
cxb4 22. Qb3 g5 23. Bxe5 Qxe5 24. Qxb4 h5 25. Qb3 h4 26. Qf3 hxg3 27. fxg3 f5
28. Qxf5 Qxg3 29. Rc7 Rf8 30. Qg6 Qe5 31. Qe6+ Kh8 32. Qxe5 Bxe5 33. Bf1 Bd4+
34. Rxd4 Rxf1+ 35. Kg2 Rbf8 36. Rd2 R1f4 37. Rc8 Be8 38. Nc4 g4 39. h4 R4f6 40.
Rd8 Bb5 41. Rxf8+ Rxf8 42. Nxd6 Bf1+ 43. Kg3 Bh3 44. Rf2 1-0

[Event "Mineiro-ch"]
[Site "Varginha"]
[Date "2009.01.28"]
[Round "8"]
[White "Barbosa, Evandro Amorim"]
[Black "Batista, Gerson Peres"]
[Result "1-0"]
[WhiteElo "2279"]
[BlackElo "2201"]
[PlyCount "65"]
[EventDate "2009.01.23"]
[EventType "tourn"]
[EventRounds "11"]
[EventCountry "BRA"]
[SourceTitle "EXT 2012"]
[Source "ChessBase"]
[SourceDate "2011.11.24"]
[SourceVersion "1"]
[SourceVersionDate "2011.11.24"]
[SourceQuality "1"]

1. e4 e6 2. d4 d5 3. Nc3 Nf6 4. e5 Nfd7 5. f4 c5 6. Nf3 Nc6 7. Be3 a6 8. Qd2 b5
9. dxc5 b4 10. Na4 Qa5 11. Nb6 Nxb6 12. cxb6 Bc5 13. Bxc5 Qxc5 14. O-O-O a5 15.
Kb1 Qxb6 16. Bd3 Ba6 17. Rhe1 a4 18. f5 Bxd3 19. Qxd3 a3 20. b3 Qc5 21. fxe6
fxe6 22. Ng5 Nd8 23. Ne4 Qc6 24. Nd6+ Kd7 25. Qd4 Qc3 26. Qxc3 bxc3 27. Rf1 Ke7
28. Rd3 Rf8 29. Rxf8 Kxf8 30. Rxc3 Ra6 31. Rc8 Ke7 32. Rc7+ Kf8 33. b4 1-0

[Event "Mineiro-ch"]
[Site "Varginha"]
[Date "2009.01.28"]
[Round "9"]
[White "Rocha, Wellington Carlos"]
[Black "Barbosa, Evandro Amorim"]
[Result "1-0"]
[WhiteElo "2434"]
[BlackElo "2279"]
[PlyCount "57"]
[EventDate "2009.01.23"]
[EventType "tourn"]
[EventRounds "11"]
[EventCountry "BRA"]
[SourceTitle "EXT 2012"]
[Source "ChessBase"]
[SourceDate "2011.11.24"]
[SourceVersion "1"]
[SourceVersionDate "2011.11.24"]
[SourceQuality "1"]

1. e4 c5 2. Nf3 Nc6 3. Nc3 e6 4. d4 cxd4 5. Nxd4 Nf6 6. Nxc6 bxc6 7. e5 Nd5 8.
Ne4 Bb7 9. c4 Nb4 10. Bg5 Qb8 11. Nd6+ Bxd6 12. exd6 c5 13. a3 Nc6 14. Be3 O-O
15. Bxc5 e5 16. Bd3 e4 17. Be2 f5 18. O-O Ne5 19. Qb3 f4 20. f3 exf3 21. gxf3
Rf6 22. Bd4 Rg6+ 23. Kh1 Ng4 24. c5+ Kh8 25. Rg1 Qc8 26. Rg2 Qc6 27. Rag1 Re8
28. Qf7 Qc8 29. Rxg4 1-0

[Event "Mineiro-ch"]
[Site "Varginha"]
[Date "2009.01.29"]
[Round "10"]
[White "Barbosa, Evandro Amorim"]
[Black "Ladeira, Joao Bosco Amado"]
[Result "1/2-1/2"]
[WhiteElo "2279"]
[BlackElo "2290"]
[PlyCount "38"]
[EventDate "2009.01.23"]
[EventType "tourn"]
[EventRounds "11"]
[EventCountry "BRA"]
[SourceTitle "EXT 2012"]
[Source "ChessBase"]
[SourceDate "2011.11.24"]
[SourceVersion "1"]
[SourceVersionDate "2011.11.24"]
[SourceQuality "1"]

1. e4 d6 2. d4 Nf6 3. Nc3 g6 4. Be3 c6 5. h3 Nbd7 6. g4 e5 7. Qd2 Bg7 8. Nge2
O-O 9. Bg2 Nb6 10. b3 d5 11. dxe5 Nxe4 12. Nxe4 dxe4 13. Qxd8 Rxd8 14. Bd4 Re8
15. Bxe4 Bxe5 16. Bxe5 Rxe5 17. Bd3 Bd7 18. O-O-O Rae8 19. Nc3 a5 1/2-1/2

[Event "Mineiro-ch"]
[Site "Varginha"]
[Date "2009.01.30"]
[Round "11"]
[White "Gazel Pereira, Frederico"]
[Black "Barbosa, Evandro Amorim"]
[Result "0-1"]
[WhiteElo "2278"]
[BlackElo "2279"]
[PlyCount "84"]
[EventDate "2009.01.23"]
[EventType "tourn"]
[EventRounds "11"]
[EventCountry "BRA"]
[SourceTitle "EXT 2012"]
[Source "ChessBase"]
[SourceDate "2011.11.24"]
[SourceVersion "1"]
[SourceVersionDate "2011.11.24"]
[SourceQuality "1"]

1. e4 c5 2. Nf3 Nc6 3. Nc3 e6 4. d4 cxd4 5. Nxd4 Nf6 6. Ndb5 d6 7. Bf4 e5 8.
Bg5 a6 9. Na3 b5 10. Bxf6 gxf6 11. Nd5 Bg7 12. Bd3 Ne7 13. Nxe7 Qxe7 14. c4 f5
15. O-O O-O 16. exf5 e4 17. Qe2 Bxf5 18. cxb5 Qe5 19. Bc2 d5 20. Bb3 Qxb2 21.
Nc2 d4 22. Rab1 d3 23. Qd2 Qe5 24. Ne3 axb5 25. Nxf5 Qxf5 26. Kh1 Rfe8 27. Qe3
Rad8 28. Rbd1 Rd6 29. Rc1 Bd4 30. Qd2 Rg6 31. Rce1 Kh8 32. Bd1 Qf6 33. Qb4 Bc3
34. Qxb5 Re5 35. Qb8+ Rg8 36. Qa7 Bxe1 37. Rxe1 d2 38. Rg1 Rf5 39. Rf1 Qc3 40.
Kg1 Qc5 41. Qb7 e3 42. Kh1 Qc4 0-1

[Event "Barrinha Calil Memorial"]
[Site "Barrinha"]
[Date "2009.02.20"]
[Round "1"]
[White "Barbosa, Evandro Amorim"]
[Black "Silva, Sergio R"]
[Result "1-0"]
[WhiteElo "2220"]
[BlackElo "2077"]
[PlyCount "67"]
[EventDate "2009.02.20"]
[EventType "tourn"]
[EventRounds "9"]
[EventCountry "BRA"]
[SourceTitle "EXT 2011"]
[Source "ChessBase"]
[SourceDate "2010.11.26"]
[SourceVersion "1"]
[SourceVersionDate "2010.11.26"]
[SourceQuality "1"]

1. e4 c5 2. Nf3 e6 3. d4 cxd4 4. Nxd4 Nc6 5. Nc3 Qc7 6. Be3 a6 7. Qd2 Nf6 8.
O-O-O b5 9. Bf4 Qb6 10. Nxc6 Qxc6 11. f3 Bb7 12. Kb1 d5 13. exd5 Nxd5 14. Nxd5
Qxd5 15. Bd3 Be7 16. Qf2 Qc5 17. Be3 Qc7 18. Bb6 Qc8 19. Bd4 O-O 20. Qg3 f6 21.
Qh4 g6 22. Qh6 Rf7 23. h4 Bf8 24. Qe3 e5 25. Bc3 Qc5 26. Qe2 Rc8 27. h5 g5 28.
Bf5 Re8 29. Qd3 Qc4 30. Bxh7+ Rxh7 31. Qg6+ Rg7 32. Qxe8 Bd5 33. b3 Qxc3 34.
Rxd5 1-0

[Event "Barrinha Calil Memorial"]
[Site "Barrinha"]
[Date "2009.02.21"]
[Round "2"]
[White "Name, Gabriel Ricardo"]
[Black "Barbosa, Evandro Amorim"]
[Result "1/2-1/2"]
[WhiteElo "2244"]
[BlackElo "2220"]
[PlyCount "52"]
[EventDate "2009.02.20"]
[EventType "tourn"]
[EventRounds "9"]
[EventCountry "BRA"]
[SourceTitle "EXT 2011"]
[Source "ChessBase"]
[SourceDate "2010.11.26"]
[SourceVersion "1"]
[SourceVersionDate "2010.11.26"]
[SourceQuality "1"]

1. d4 Nf6 2. c4 g6 3. Nc3 d5 4. Nf3 Bg7 5. Bg5 Ne4 6. cxd5 Nxg5 7. Nxg5 e6 8.
Nf3 exd5 9. e3 a5 10. Be2 O-O 11. O-O Re8 12. a3 Bf8 13. Ne5 c6 14. Nd3 Bd6 15.
Re1 Nd7 16. Bg4 h5 17. Bh3 Qh4 18. f4 Nf6 19. Bxc8 Raxc8 20. g3 Qh3 21. Ne5 Kg7
22. Nf3 Rc7 23. Qc2 Rce7 24. Nd1 Ne4 25. Nf2 Qf5 26. Rac1 Qf6 1/2-1/2

[Event "Barrinha Calil Memorial"]
[Site "Barrinha"]
[Date "2009.02.21"]
[Round "3"]
[White "Barbosa, Evandro Amorim"]
[Black "Bueno, Alfeu Varela Jr"]
[Result "1-0"]
[WhiteElo "2220"]
[BlackElo "2254"]
[PlyCount "75"]
[EventDate "2009.02.20"]
[EventType "tourn"]
[EventRounds "9"]
[EventCountry "BRA"]
[SourceTitle "EXT 2011"]
[Source "ChessBase"]
[SourceDate "2010.11.26"]
[SourceVersion "1"]
[SourceVersionDate "2010.11.26"]
[SourceQuality "1"]

1. e4 e6 2. d4 d5 3. Nc3 Nf6 4. e5 Nfd7 5. f4 c5 6. Nf3 Nc6 7. Be3 cxd4 8. Nxd4
Bc5 9. Qd2 O-O 10. O-O-O a6 11. Qf2 Nxd4 12. Bxd4 Qc7 13. Bd3 Bxd4 14. Qxd4 Qc5
15. Ne2 b5 16. Rhe1 b4 17. f5 Qxd4 18. Nxd4 Nc5 19. f6 gxf6 20. exf6 a5 21. Nc6
Ba6 22. Ne7+ Kh8 23. g4 Bxd3 24. cxd3 h6 25. Re3 Rg8 26. Nxg8 Rxg8 27. h3 Rg6
28. Rf3 Nd7 29. Kd2 Nxf6 30. Rdf1 Kg7 31. h4 e5 32. g5 hxg5 33. hxg5 Nh7 34.
Rxf7+ Kg8 35. R7f5 Nxg5 36. Rxe5 d4 37. Rxa5 Ne6 38. Rf2 1-0

[Event "Barrinha Calil Memorial"]
[Site "Barrinha"]
[Date "2009.02.22"]
[Round "4"]
[White "Frare, Fernando Cesar"]
[Black "Barbosa, Evandro Amorim"]
[Result "1/2-1/2"]
[WhiteElo "2262"]
[BlackElo "2220"]
[PlyCount "65"]
[EventDate "2009.02.20"]
[EventType "tourn"]
[EventRounds "9"]
[EventCountry "BRA"]
[SourceTitle "EXT 2011"]
[Source "ChessBase"]
[SourceDate "2010.11.26"]
[SourceVersion "1"]
[SourceVersionDate "2010.11.26"]
[SourceQuality "1"]

1. d4 Nf6 2. Nf3 g6 3. g3 Bg7 4. Bg2 O-O 5. O-O d5 6. c4 dxc4 7. Qc2 Nc6 8.
Qxc4 Be6 9. Qa4 Nd5 10. Rd1 Nb6 11. Qc2 Nb4 12. Qd2 Nxa2 13. Na3 Nxc1 14. Rdxc1
c6 15. e3 Bd5 16. Qe2 Qd7 17. Nb1 Rfe8 18. Nbd2 a6 19. Ra3 Rad8 20. Nb3 Bxb3
21. Rxb3 Nc8 22. Ne1 e5 23. dxe5 Rxe5 24. Nd3 Rb5 25. Rxb5 axb5 26. Nc5 Qe7 27.
b3 Nb6 28. Qa2 Ra8 29. Qc2 Rd8 30. Qa2 Bh6 31. Kh1 Ra8 32. Qc2 Rd8 33. Qa2
1/2-1/2

[Event "Barrinha Calil Memorial"]
[Site "Barrinha"]
[Date "2009.02.22"]
[Round "5"]
[White "Barbosa, Evandro Amorim"]
[Black "Shiroma, Silvio Haruo"]
[Result "1-0"]
[WhiteElo "2220"]
[BlackElo "2105"]
[PlyCount "101"]
[EventDate "2009.02.20"]
[EventType "tourn"]
[EventRounds "9"]
[EventCountry "BRA"]
[SourceTitle "EXT 2011"]
[Source "ChessBase"]
[SourceDate "2010.11.26"]
[SourceVersion "1"]
[SourceVersionDate "2010.11.26"]
[SourceQuality "1"]

1. e4 e5 2. Nf3 Nc6 3. Bb5 a6 4. Ba4 Nf6 5. O-O Be7 6. Re1 b5 7. Bb3 d6 8. c3
O-O 9. h3 Na5 10. Bc2 c5 11. d4 Qc7 12. Nbd2 cxd4 13. cxd4 Bb7 14. d5 Bc8 15.
Re3 Bd7 16. Rc3 Qb8 17. b4 Nb7 18. Rb1 a5 19. a3 Rc8 20. Rcb3 a4 21. Re3 g6 22.
Nf1 Nh5 23. Re1 Nd8 24. g4 Ng7 25. Ng3 f6 26. Kh2 Nf7 27. Bd3 Ra7 28. Rg1 Rb7
29. Qe2 Bd8 30. Bd2 Be7 31. Ne1 Bd8 32. Ng2 Be7 33. Ne3 Rcc7 34. Rg2 Kh8 35. h4
Rc8 36. Rh1 Rf8 37. Kg1 Kg8 38. Nd1 Qd8 39. Nc3 Qc8 40. Rgh2 Bd8 41. h5 g5 42.
h6 Ne8 43. Nf5 Nh8 44. Kg2 Rf7 45. Rc1 Ng6 46. Rhh1 Kf8 47. Rc2 Kg8 48. Rhc1
Ne7 49. Nd1 Rc7 50. Rxc7 Bxc7 51. Nc3 1-0